000 00562nam a2200181 a 4500
005 20140412111226.0
008 020416s19uu xx 00 eng d
020 _a971-08-3076-7
050 _aFil 398.2
_bY1 1986
100 _aMina, Agnes G.
245 _aAng gintong puso. /
_cstory by Agnes G. Mina; illustrations by Joel C. Yau.
260 _aPhilippines :
_bNational Book Store,
_c1986.
300 _a20 p. ; ill.
500 _aGrand Prize 1985 PBBY Illustrators Prize
650 _aFolk tales
650 _aChildren stories
_xFiction
999 _c102043
_d102043